Geschichte und Grundprobleme der empirischen Sozialforschung

Enregistré dans:
Détails bibliographiques
Format: Livre
Langue:allemand
Publié: Stuttgart Enke 1973
Édition:3. umgearb. und erw. Aufl.
Collection:Handbuch der empirischen Sozialforschung
Tags: Ajouter un tag
Pas de tags, Soyez le premier à ajouter un tag!

MARC

LEADER 00000nam a2200000 4500
001 c019151
005 20250707104003.3
020 |a 3-432-02181-X 
041 0 |a ger 
044 |a DE 
245 1 0 |a Geschichte und Grundprobleme der empirischen Sozialforschung  |c Edit. René König 
250 |a 3. umgearb. und erw. Aufl. 
264 1 |a Stuttgart  |b Enke  |c 1973 
300 |a 251 s. 
490 1 |a Handbuch der empirischen Sozialforschung 
830 0 |a Handbuch der empirischen Sozialforschung